Länder, die einen Buchstaben enthalten - AAA+ - Statistiken

Allgemein
  • Dieses Quiz wurde 1.061 mal gespielt
  • Das Durchschnittsergebnis liegt bei 11 aus 20
Antwortstatistiken
Hinweis Land % Korrekt
3 x A Kanada
73%
3 x A Kasachstan
68%
3 x A Afghanistan
66%
3 x A Vereinigte Arabische Emirate
66%
3 x A Aserbaidschan
63%
4 x A Madagaskar
63%
3 x A Panama
63%
4 x A Antigua und Barbuda
58%
3 x A Saudi-Arabien
55%
3 x A Zentralafrikanische Republik
55%
3 x A Bahamas
54%
3 x A Papua-Neuguinea
52%
4 x A Äquatorial-Guinea
50%
3 x A Guatemala
48%
3 x A Nicaragua
48%
3 x A Malaysia
45%
3 x A Tansania
43%
3 x A Paraguay
41%
3 x A Jamaika
35%
3 x A Vatikanstadt
33%
Keine übereinstimmenden Quizze gefunden
Verteilung der Resultate
Anzahl Personen mit jedem Resultat
Perzentil nach korrekt beantworteten Fragen
Ihre Resultats-Entwicklung
Sie haben dieses Quiz noch nicht gespielt